000 01981cam a2200253 4500500
005 20260208004950.0
041 _afre
042 _adc
100 1 0 _aMerchant, Jennifer
_eauthor
245 0 0 _aLes intimes ambitions de George W. Bush : la droite conservatrice et les « politiques de moralité »
260 _c2001.
500 _a45
520 _aWith George W. Bush’s arrival in the White House, a large number of spokespersons from the conservative right-wing of the Republican party have comfortably settled down into some key positions of the Executive branch (notably, the Department of Justice, and the Department of Health and Human Services). In the realm of what political scientist Christopher Mooney calls “morality politics”, their agenda is crystal clear: their foremost goal is “to elevate” the status of the fœtus to that of a person. Within the institutional context of the federal system, to what extent will George W. Bush and his advocates succeed in achiev-ing this agenda? Will the negative impact on reproductive rights be as disastrous as many feminist and civil rights groups say it may be? Who truly will bear the brunt of new appointments to the Supreme Court and across the federal district and appeals courts? In its attempt to answer these questions, this article underlines those areas where George W. Bush and the conservative right-wing’s ambitions will likely be fulfilled, and where they will confront the limits of the executive power in its negotiations with Congress and the States.
690 _aCellules-souches
690 _aé
690 _aédéralisme
690 _aEmbryon
690 _aAbortion
690 _aBio-ethics
690 _aG. W. Bush
690 _aProcreation
786 0 _nRevue française d’études américaines | 90 | 4 | 2001-10-01 | p. 80-94 | 0397-7870
856 4 1 _uhttps://shs.cairn.info/revue-francaise-d-etudes-americaines-2001-4-page-80?lang=fr&redirect-ssocas=7080
999 _c1649958
_d1649958